Movies Quiz

Random Movies or Clickable Quiz

Amazon Movie Reviews IV Quiz Stats

Quiz Updated Jul 13, 2016

Challenge
Share
Tweet
Embed
Score 0/20 Timer 08:00
11 Plays Today
% Correct
The Jungle Book
93.8%
Kung Fu Panda
89.5%
The Revenant
88.6%
The Hateful Eight
87.3%
Big Hero 6
83.9%
Magic Mike XXL
82.7%
The Goonies
80%
Iron Man
78.8%
Jay and Silent Bob Strike Back
76.9%
Zero Dark Thirty
76.3%
% Correct
Gremlins
75.6%
Forrest Gump
73.4%
Minions
72.2%
The Hunger Games
66.3%
The Godfather
60.3%
Kangaroo Jack
59.7%
Creed
55.3%
One Flew Over the Cuckoo's Nest
47.4%
Ice Age
44.7%
Alien
37.2%

You're not logged in!

Compare scores with friends on all Sporcle quizzes.
Join for Free
OR
Log In

You Might Also Like...

Show Comments

Extras

Top Quizzes Today


Score Distribution

Your Account Isn't Verified!

In order to create a playlist on Sporcle, you need to verify the email address you used during registration. Go to your Sporcle Settings to finish the process.

Report this User

Report this user for behavior that violates our Community Guidelines.

Details: